000 00556cam a22002053a 4500
001 41754
003 PGUSA
005 20140828083937.0
008 130101s2013||||xxu|||||s|||||000 | eng d
040 _aPGUSA
_beng
042 _adc
100 1 _aGallon, Tom
245 1 0 _aJimmy Quixote :
_bA novel
_h[electronic resource] /
_cTom Gallon
260 _bProject Gutenberg,
_c2013
506 _aPublic domain in the USA.
516 _aElectronic text
830 0 _aProject Gutenberg
_v41754
856 4 0 _uhttp://www.gutenberg.org/ebooks/41754
942 _cEB
999 _c271006
_d271006